| 000 | 00686nam a2200217 a 4500 | ||
|---|---|---|---|
| 001 | 21594 | ||
| 003 | CO-ViMGA | ||
| 008 | 141112s2004 ck r 000 u spa d | ||
| 020 | _a9709705091 | ||
| 040 |
_aCO-ViMGA _bspa _cCO-ViMGA |
||
| 082 | 0 | 4 | _aCOUd |
| 100 | 1 |
_aCousins, Lucy _930844 |
|
| 245 | 1 | 0 | _aLa doctora Maisy |
| 260 |
_aMexico : _bSerres, _c2005 |
||
| 300 | _a15 | ||
| 590 | _aForma de adquisición : Donación fact. 8853 - - Precio : 16000 - - Proveedor : Fundación exito - - Fecha de adquisición : Junio 2007 | ||
| 650 | 1 | 4 |
_aALBUMES INFANTILES INGLESES _930845 |
| 650 | 1 | 4 |
_aCUENTOS INFANTILES _92743 |
| 650 | 1 | 4 |
_aLIBROS ILUSTRADOS PARA NIÑOS _92001 |
| 942 |
_2ddc _cBK |
||
| 999 |
_c30170 _d30170 |
||